| 000 | 01067nam a2200229Ia 4500 | ||
|---|---|---|---|
| 999 |
_c52197 _d52197 |
||
| 001 | 19205 | ||
| 003 | GE_BSU | ||
| 005 | 20220920153515.0 | ||
| 008 | 181216s2008||||ge |||||||||||||| ||geo|| | ||
| 040 | _cGE_BSU | ||
| 041 | _ageo | ||
| 080 | _a9 ბ-254 | ||
| 100 |
_aბარამიძე, რ. _910420 |
||
| 245 |
_aისლამი და მუსლიმები აჭარაში (ისტორიულ - ეთნოლოგიური და სოციო - კულტურული ასპექტები) : დისერტაცია / _cრ.ბარამიძე; ბათუმის შოთა რუსთაველის სახელმწიფო უნივერსიტეტი. |
||
| 264 |
_aბათუმი, _b _c2008. |
||
| 300 |
_a262 გვ. ; _b30 სმ. |
||
| 653 | _aდისერტაცია | ||
| 653 | _aეთნოლოგია | ||
| 653 | _aისლამი და მუსლიმები აჭარაში | ||
| 653 | _aისტორია | ||
| 942 |
_cBK _2udc |
||